CASES IN RURAL MARKETING : AN INTEGRATED APPROACH (Record no. 1510)
[ view plain ]
| 000 -LEADER | |
|---|---|
| Fixed length control field | 00564nam a22001937a 4500 |
| 003 - CONTROL NUMBER IDENTIFIER | |
| Control field | SEACOMEC |
| 005 - DATE AND TIME OF LATEST TRANSACTION | |
| Control field | 20240802123025.0 |
| 008 - FIXED-LENGTH DATA ELEMENTS--GENERAL INFORMATION | |
| Fixed length control field | 240802b |||||||| |||| 00| 0 eng d |
| 020 ## - INTERNATIONAL STANDARD BOOK NUMBER / ISBN | |
| International Standard Book Number | 9788131701881. |
| Price | 150.00 |
| 040 ## - CATALOGING SOURCE | |
| Original cataloging agency | SEACOMEC |
| 082 ## - DEWEY DECIMAL CLASSIFICATION NUMBER | |
| Classification number | 658.8 |
| Book Number | K89 |
| 100 ## - MAIN ENTRY--PERSONAL NAME | |
| Personal name | KRISHNAMACHARYULU, C S G |
| 245 ## - TITLE STATEMENT | |
| Title | CASES IN RURAL MARKETING : AN INTEGRATED APPROACH |
| Statement of responsibility | , C S G KRISHNAMACHARYULU AND LALITHA RAMAKRISHNAN, |
| 260 ## - IMPRINT | |
| Place of publication | U.P. |
| Name of publisher | PEARSON |
| Date of publication | 2003 |
| 300 ## - PHYSICAL DESCRIPTION | |
| Page / Vol. No | MANAGEMENT |
| 650 ## - SUBJECT ADDED ENTRY--TOPICAL TERM | |
| Topical term | MANAGEMENT |
| 700 ## - ADDED ENTRY--PERSONAL NAME | |
| Personal name | RAMAKRISHNAN, LALITHA. |
| 942 ## - ADDED ENTRY ELEMENTS (KOHA) | |
| Koha item type | Books |
| Withdrawn status | Lost status | Source of classification | Damaged status | Not for loan | Home library | Current library | Date acquired | Total Checkouts | Call number | Accession number | Date last seen | Price effective from | Koha item type |
|---|---|---|---|---|---|---|---|---|---|---|---|---|---|
| Dewey Decimal Classification | SEACOM ENGINEERING COLLEGE | SEACOM ENGINEERING COLLEGE | 10/03/2007 | 658.8 K89 | 6374 | 02/08/2024 | 02/08/2024 | Books |
